| 000 | 00744nab a2200265 a 4500 | ||
|---|---|---|---|
| 001 | 58951 | ||
| 003 | 130675 | ||
| 005 | 20201118105558.0 | ||
| 008 | ||||||n9999 ||| || || | ||
| 041 | _aspa | ||
| 100 | _aLopez Santiso, Horacio | ||
| 245 | 0 |
_aPasado, presente y futuro de las normas contables en la Argentina : _bpp.51-64 |
|
| 260 |
_aBuenos Aires : _bContabilidad Moderna, _c1984. |
||
| 562 | _e0 | ||
| 650 | _aANÁLISIS DE CASOS | ||
| 650 | _aARGENTINA | ||
| 650 | _aCONCEPTOS | ||
| 650 | _aCONTABILIDAD | ||
| 650 | _aEVOLUCIÓN HISTÓRICA | ||
| 650 | _aLEGISLACIÓN | ||
| 650 | _aNORMAS | ||
| 650 | _aORGANISMOS DE CONTROL | ||
| 773 |
_053256 _aAdministracion de empresas - Vol.15 No.169 (1984) |
||
| 942 | _cSART | ||
| 999 |
_c58951 _d58951 |
||